00258nam a2200109Ia 4500008004100000100001900041245002400060260002600084260000900110546001200119999001700131170619s9999 xx 000 0 und d aSrivastava S K 0aENGINEERING PHYSICS bNew Age International c2008 aENGLISH c18617d18617